| 000 | 00715nam a22002177a 4500 | ||
|---|---|---|---|
| 005 | 20170124110030.0 | ||
| 010 | _aA-364716 | ||
| 020 | _c00.00 | ||
| 035 | _aA-364716 | ||
| 037 | _bCen Lib/Ret | ||
| 040 |
_aDPL _bEN |
||
| 082 |
_a510.78 _bBIS |
||
| 100 |
_aBiswas, Anupam _921455 |
||
| 245 |
_aComputerising your business : _cby Amit Biswas _ba commonsense guide for management / |
||
| 260 |
_aBombay _bPopular Prakshan _c1989 |
||
| 270 |
_a35-C, Pandit Madan Mohan Malaviya Marg Popular Press Bldg. _bBombay _e400034 |
||
| 300 |
_axii,154p. : _c21cm(Hb) _bill. |
||
| 650 |
_aBusiness computer applications _921456 |
||
| 650 |
_aApplication software _921457 |
||
| 942 |
_2ddc _cEN _h510.78 _mBIS |
||
| 999 |
_c127759 _d127759 |
||